Влияние температуры на люминесцентные свойства керамики MgAl2O4 : Dy, синтезированной методом искрового плазменного спекания; Физика твердого тела; Т. 61, вып. 10

Bibliographische Detailangaben
Parent link:Физика твердого тела/ Российская академия наук ; Физико-технический институт им. А. Ф. Иоффе.— , 1959-.— 0367-3294
Т. 61, вып. 10.— 2019.— [С. 1873-1878]
Weitere Verfasser: Полисадова Е. Ф. Елена Фёдоровна, Ваганов В. А. Виталий Андреевич, Валиев Д. Т. Дамир Талгатович, Степанов С. А. Сергей Александрович, Пайгин В. Д. Владимир Денисович, Двилис Э. С. Эдгар Сергеевич, Хасанов О. Л. Олег Леонидович
Zusammenfassung:Заглавие с экрана
Методом электроимпульсного плазменного спекания синтезированы образцы прозрачной керамики MgAl2O4 : Dy. Исследованы оптические свойства, фото- и катодолюминесценция, кинетики затухания свечения, изучено влияние температуры на спектрально-кинетические характеристики люминесценции. В спектрах регистрируется свечение ионов Dy3+ 458 (4I15/2->5H15/2), 480 nm (4F9/2-> 6H15/2), 573 nm (4F9/2->6H13/2), 665 nm (4F9/2->6H11/2), 750 nm (4F9/2->6H9/2), примесных ионов хрома Cr3+ (2Eg->4A2g), собственных [6 дефектов F+-центров (460 nm). Наблюдается температурное тушение люминесценции в видимом спектральном диапазоне при изменении температуры от 100 до 300 K. Показано, что в керамике MgAl2O4 : Dy закономерности тушения для примесных и собственных центров различаются. Обсуждаются механизмы температурного тушения. Ключевые слова: алюмомагниевая шпинель, люминесцентная керамика, Спарк-плазменное спекания, редкоземельные элементы.
Sprache:Russisch
Veröffentlicht: 2019
Schlagworte:
Online-Zugang:http://dx.doi.org/10.21883/FTT.2019.10.48263.472
Format: MixedMaterials Elektronisch Buchkapitel
KOHA link:https://koha.lib.tpu.ru/cgi-bin/koha/opac-detail.pl?biblionumber=661685

MARC

LEADER 00000naa2a2200000 4500
001 661685
005 20251117152408.0
035 |a (RuTPU)RU\TPU\network\32417 
035 |a RU\TPU\network\25440 
090 |a 661685 
100 |a 20200129d2019 k||y0rusy50 ca 
101 0 |a rus 
102 |a RU 
135 |a drcn ---uucaa 
181 0 |a i  
182 0 |a b 
200 1 |a Влияние температуры на люминесцентные свойства керамики MgAl2O4 : Dy, синтезированной методом искрового плазменного спекания  |d Influence of Temperature on the Luminescence Properties of MgAl2O4:Dy3+ Ceramics Synthesized by Spark Plasma Sintering  |f Е. Ф. Полисадова [и др.] 
203 |a Текст  |c электронный 
300 |a Заглавие с экрана 
320 |a [Библиогр.: 29 назв.] 
330 |a Методом электроимпульсного плазменного спекания синтезированы образцы прозрачной керамики MgAl2O4 : Dy. Исследованы оптические свойства, фото- и катодолюминесценция, кинетики затухания свечения, изучено влияние температуры на спектрально-кинетические характеристики люминесценции. В спектрах регистрируется свечение ионов Dy3+ 458 (4I15/2->5H15/2), 480 nm (4F9/2-> 6H15/2), 573 nm (4F9/2->6H13/2), 665 nm (4F9/2->6H11/2), 750 nm (4F9/2->6H9/2), примесных ионов хрома Cr3+ (2Eg->4A2g), собственных [6 дефектов F+-центров (460 nm). Наблюдается температурное тушение люминесценции в видимом спектральном диапазоне при изменении температуры от 100 до 300 K. Показано, что в керамике MgAl2O4 : Dy закономерности тушения для примесных и собственных центров различаются. Обсуждаются механизмы температурного тушения. Ключевые слова: алюмомагниевая шпинель, люминесцентная керамика, Спарк-плазменное спекания, редкоземельные элементы. 
461 0 |0 (RuTPU)RU\TPU\prd\409  |x 0367-3294  |t Физика твердого тела  |f Российская академия наук ; Физико-технический институт им. А. Ф. Иоффе  |d 1959- 
463 0 |0 (RuTPU)RU\TPU\prd\286251  |t Т. 61, вып. 10  |v [С. 1873-1878]  |d 2019 
510 1 |a Influence of Temperature on the Luminescence Properties of MgAl2O4:Dy3+ Ceramics Synthesized by Spark Plasma Sintering  |z eng 
610 1 |a электронный ресурс 
610 1 |a труды учёных ТПУ 
610 1 |a люминесцентные свойства 
610 1 |a температура 
610 1 |a керамика 
610 1 |a искровое плазменное спекание 
701 1 |a Полисадова  |b Е. Ф.  |c специалист в области светотехники  |c профессор Томского политехнического университета, доктор физико-математических наук  |f 1972-  |g Елена Фёдоровна  |3 (RuTPU)RU\TPU\pers\26065  |9 11903 
701 1 |a Ваганов  |b В. А.  |c специалист в области светотехники  |c инженер-исследователь Томского политехнического университета  |f 1991-  |g Виталий Андреевич  |3 (RuTPU)RU\TPU\pers\36713  |9 19752 
701 1 |a Валиев  |b Д. Т.  |c специалист в области материаловедения  |c доцент Томского политехнического университета, кандидат физико-математических наук  |f 1987-  |g Дамир Талгатович  |3 (RuTPU)RU\TPU\pers\30033  |9 14467 
701 1 |a Степанов  |b С. А.  |c специалист в области светотехники  |c инженер Томского политехнического университета  |f 1986-  |g Сергей Александрович  |3 (RuTPU)RU\TPU\pers\30150  |9 14555 
701 1 |a Пайгин  |b В. Д.  |c специалист в области материаловедения  |c инженер Томского политехнического университета  |f 1992-  |g Владимир Денисович  |3 (RuTPU)RU\TPU\pers\38491  |9 20805 
701 1 |a Двилис  |b Э. С.  |c химик-технолог  |c старший научный сотрудник Томского политехнического университета, профессор, доктор физико-математических наук  |f 1969-  |g Эдгар Сергеевич  |3 (RuTPU)RU\TPU\pers\26838  |9 12457 
701 1 |a Хасанов  |b О. Л.  |c физик, специалист в области наноматериалов  |c профессор Томского политехнического университета, доктор технических наук  |c директор Нано-Центра ТПУ, заведующий кафедрой наноматериалов и нанотехнологий  |f 1958-  |g Олег Леонидович  |3 (RuTPU)RU\TPU\pers\26436  |9 12140 
801 2 |a RU  |b 63413507  |c 20200129  |g RCR 
856 4 0 |u http://dx.doi.org/10.21883/FTT.2019.10.48263.472 
942 |c CF